Captain Marvel. (Record no. 358719)
[ view plain ]
| 000 -LEADER | |
|---|---|
| fixed length control field | 02478nam a2200541 i 4500 |
| 001 - CONTROL NUMBER | |
| control field | 2926713 |
| 005 - DATE AND TIME OF LATEST TRANSACTION | |
| control field | 20210218145135.0 |
| 008 - FIXED-LENGTH DATA ELEMENTS--GENERAL INFORMATION | |
| fixed length control field | 191211s2019 mnua c 6 000 0 eng d |
| 010 ## - LIBRARY OF CONGRESS CONTROL NUMBER | |
| LC control number | 2019942010 |
| 020 ## - INTERNATIONAL STANDARD BOOK NUMBER | |
| International Standard Book Number | 9781532144462 : |
| Terms of availability | $27.07 |
| 020 ## - INTERNATIONAL STANDARD BOOK NUMBER | |
| International Standard Book Number | 1532144466 : |
| Terms of availability | $27.07 |
| 035 ## - SYSTEM CONTROL NUMBER | |
| System control number | (OCoLC)1137386551 |
| 035 ## - SYSTEM CONTROL NUMBER | |
| System control number | (PWmBRO)on1137386551 |
| 035 ## - SYSTEM CONTROL NUMBER | |
| System control number | 2906201 |
| 040 ## - CATALOGING SOURCE | |
| Original cataloging agency | PABRO |
| Language of cataloging | eng |
| Description conventions | rda |
| Transcribing agency | PABRO |
| 049 ## - LOCAL HOLDINGS (OCLC) | |
| Holding library | IGAA |
| 050 #4 - LIBRARY OF CONGRESS CALL NUMBER | |
| Classification number | PZ7.7.C3653 |
| Item number | Cap 2019 |
| 082 04 - DEWEY DECIMAL CLASSIFICATION NUMBER | |
| Classification number | 741.5/973 |
| Edition number | 23 |
| 092 ## - LOCALLY ASSIGNED DEWEY CALL NUMBER (OCLC) | |
| Classification number | junior graphic novels |
| Item number | Marvel |
| 999 ## - SYSTEM CONTROL NUMBERS (KOHA) | |
| Koha Dewey Subclass [OBSOLETE] | 741.5973 C259C 2019 |
| 100 1# - MAIN ENTRY--PERSONAL NAME | |
| Personal name | Caramagna, Joe, |
| Relator term | author. |
| 9 (RLIN) | 5791594 |
| 245 10 - TITLE STATEMENT | |
| Title | Captain Marvel. |
| Name of part/section of a work | Frost giants among us! / |
| Statement of responsibility, etc | letterer, VC's Joe Caramagna ; editor, Devin Lewis. |
| 246 30 - VARYING FORM OF TITLE | |
| Title proper/short title | Frost giants among us! |
| 264 #1 - Production, Publication, Distribution, Manufacture, and Copyright Notice. | |
| Place of production, publication, distribution, manufacture | Minneapolis, Minnesota : |
| Name of producer, publisher, distributor, manufacturer | ABDO Spotlight, |
| Date of production, publication, distribution, manufacture, or copyr | 2020. |
| 300 ## - PHYSICAL DESCRIPTION | |
| Extent | 1 volume (unpaged) : |
| Other physical details | color illustrations ; |
| Dimensions | 27 cm. |
| 336 ## - Content Type | |
| Content type term | text |
| 337 ## - Media type | |
| Media type term | unmediated |
| 338 ## - Carrier type | |
| Carrier type term | volume |
| 490 1# - SERIES STATEMENT | |
| Series statement | Marvel super hero adventures |
| 520 ## - SUMMARY, ETC. | |
| Summary, etc | When a group of Frost Giants make themselves at home in the city, the Avengers have no choice but to bundle up and stand against the ice-hearted interlopers. |
| 521 1# - TARGET AUDIENCE NOTE | |
| Target audience note | 7-10 |
| Source | Brodart. |
| 521 2# - TARGET AUDIENCE NOTE | |
| Target audience note | 2-5 |
| Source | Brodart. |
| 600 00 - SUBJECT ADDED ENTRY--PERSONAL NAME | |
| Personal name | Captain Marvel |
| Titles and other words associated with a name | (Fictitious character from Marvel Comics Group) |
| Form subdivision | Comic books, strips, etc. |
| 9 (RLIN) | 5760632 |
| 600 01 - SUBJECT ADDED ENTRY--PERSONAL NAME | |
| Personal name | Captain Marvel |
| Titles and other words associated with a name | (Fictitious character from Marvel Comics Group) |
| Form subdivision | Fiction. |
| 9 (RLIN) | 6406288 |
| 650 #0 - SUBJECT ADDED ENTRY--TOPICAL TERM | |
| Topical term or geographic name as entry element | Superheroes |
| Form subdivision | Comic books, strips, etc. |
| 9 (RLIN) | 5680220 |
| 650 #1 - SUBJECT ADDED ENTRY--TOPICAL TERM | |
| Topical term or geographic name as entry element | Superheroes |
| Form subdivision | Fiction. |
| 9 (RLIN) | 5673961 |
| 650 #1 - SUBJECT ADDED ENTRY--TOPICAL TERM | |
| Topical term or geographic name as entry element | Graphic novels. |
| 9 (RLIN) | 6406289 |
| 655 #7 - INDEX TERM--GENRE/FORM | |
| Genre/form data or focus term | Graphic novels. |
| Source of term | lcgft |
| 9 (RLIN) | 6406290 |
| 700 1# - ADDED ENTRY--PERSONAL NAME | |
| Personal name | Lewis, Devin. |
| 9 (RLIN) | 6406291 |
| 830 #0 - SERIES ADDED ENTRY--UNIFORM TITLE | |
| Uniform title | Marvel super hero adventures. |
| 9 (RLIN) | 5754898 |
| 942 ## - ADDED ENTRY ELEMENTS (KOHA) | |
| Source of classification or shelving scheme | Dewey Decimal Classification |
| Koha item type | BOOK |
| 948 ## - LOCAL PROCESSING INFORMATION (OCLC); SERIES PART DESIGNATOR (RLIN) | |
| Series part designator, SPT (RLIN) | BAR |
| b (OCLC) | CHILDREN'S |
| p (OCLC) | X121036990 |
| k (OCLC) | J |
| h (OCLC) | 741.5973 |
| i (OCLC) | C259C 2019 |
| f (OCLC) | 1 |
| r (OCLC) | 2 |
| g (OCLC) | 1 |
| 7 (OCLC) | 0 |
| u (OCLC) | 3 |
| w (OCLC) | 11 |
| s (OCLC) | 0 |
| o (OCLC) | BAR |
| 0 (OCLC) | $27.07 |
| y (OCLC) | 99 |
| c (OCLC) | 35 |
| j (OCLC) | Dewey Decimal |
| n (OCLC) | On-Order |
| e (OCLC) | 1620744-2 |
| 9 (OCLC) | Item generated Feb 6 2020 8:37AM |
| Withdrawn status | Lost status | Source of classification or shelving scheme | Damaged status | Not for loan | Collection code | Home library | Current library | Shelving location | Date acquired | Source of acquisition | Total Checkouts | Total Renewals | Full call number | Barcode | Date last seen | Date checked out | Cost, replacement price | Price effective from | Koha item type |
|---|---|---|---|---|---|---|---|---|---|---|---|---|---|---|---|---|---|---|---|
| Dewey Decimal Classification | Junior Graphic Novels | Wasatch County Library | Wasatch County Library | First Floor | 02/18/2021 | Rainbow Books | 22 | 13 | J GN Marvel | 34301001670035 | 10/22/2025 | 03/18/2025 | 18.95 | 02/18/2021 | BOOK |
